| 000 | 00367nam a2200157Ia 4500 | ||
|---|---|---|---|
| 008 | 230605s2003 xx 000 0 und d | ||
| 041 | _aeng | ||
| 100 | _aKushel | ||
| 245 | _aThe inside track to successful Managment | ||
| 260 |
_bViva books Mumbai _c2003 _c2003 |
||
| 300 | _a304 | ||
| 365 |
_b236 _h20 |
||
| 500 | _a303 | ||
| 520 | _aGeneral | ||
| 650 | _aF. B. | ||
| 999 |
_c417875 _d417875 |
||